000 00293nam a2200121Ia 4500
008 240731s9999 xx 000 0 und d
022 _a2154-1272
245 0 _aTranscription
260 _bTaylor & Francis
856 _uhttps://www.tandfonline.com/loi/ktrn20
942 _2ddc
942 _cTFEJ
999 _c80184
_d80184
945 _a1
_bMadushi Gamage
_c1
_dMadushi Gamage